MARC

LEADER 00000nam0a2200000 4500
001 282769
005 20231101235529.0
035 |a (RuTPU)RU\TPU\book\306734 
090 |a 282769 
100 |a 20150203d1984 km y0rusy50 ca 
101 0 |a rus 
102 |a RU 
105 |a a z 001zy 
200 1 |a Случайные процессы для решения классических уравнений математической физики  |f С. М. Ермаков, В. В. Некруткин, А. С. Сипин 
210 |a Москва  |c Наука  |d 1984 
215 |a 208 с.  |c ил. 
320 |a Библиогр.: с. 202-205 
606 1 |a Математическая физика  |2 stltpush  |3 (RuTPU)RU\TPU\subj\41221  |9 61028 
610 1 |a классические уравнения 
610 1 |a решения 
610 1 |a случайные процессы 
610 1 |a марковские процессы 
610 1 |a интегральные уравнения 
610 1 |a уравнения эллиптического типа 
610 1 |a краевые задачи 
610 1 |a полиномиальная нелинейность 
610 1 |a вероятностные решения 
610 1 |a операторы Лапласа 
675 |a 53:51  |v 3 
700 1 |a Ермаков  |b С. М.  |g Сергей Михайлович 
701 1 |a Некруткин  |b В. В.  |g Владимир Викторович 
701 1 |a Сипин  |b А. С.  |g Александр Степанович 
801 1 |a RU  |b 63413507  |c 20150203 
801 2 |a RU  |b 63413507  |c 20170725  |g RCR 
942 |c BK